Discourse and social psychology : beyond attitudes and behaviour

Αποθηκεύτηκε σε:
Λεπτομέρειες βιβλιογραφικής εγγραφής
Κύριος συγγραφέας: Potter, Jonathan
Άλλοι συγγραφείς: Wetherell, Margaret
Μορφή: Βιβλίο
Γλώσσα:English
Δημοσίευση: London : Sage, 1987
Θέματα:
Ετικέτες: Προσθήκη ετικέτας
Δεν υπάρχουν, Καταχωρήστε ετικέτα πρώτοι!

MARC

LEADER 00000nam a2200000 i 4500
001 1/88478
008 970508s1987 eng d
020 |a 0-8039-8055-8 
035 |l 10006967 
040 |a GR-MY-UA  |b gre  |e aacr 
041 0 |a eng 
082 0 |a 302.224 
100 1 |a Potter, Jonathan. 
245 1 0 |a Discourse and social psychology :  |b beyond attitudes and behaviour /  |c Jonathan Potter and Margaret Wetherell 
260 |a London :   |b Sage,   |c 1987 
300 |a 216 p.;  |c 23 cm 
504 |a Bibliography: p. [190]-204. Includes index 
650 0 0 |a Discourse analysis. 
650 0 0 |a Social psychology. 
700 1 |a Wetherell, Margaret. 
852 |a INST  |b LESVOS  |e 19970508  |h 302.224 POT  |p 005100011352  |q 005100011352  |t BK  |y 0 
909 |a Λ  |b 010525